000 01328cam a22003011 4500
001 f 01001622
003 DLC
005 20260227111240.0
008 880406s1884 fr 000 0 fre
010 _af 01001622
035 _a(OCoLC)17740945
040 _aDLC
_cRPB
_dDLC
041 0 _afre
_hger
042 _apremarc
050 0 0 _aPT2317
_b.A1 1895 vol. 6
100 1 _aHeine, Heinrich,
_d1797-1856.
245 0 0 _aDe la France;
_cpar Henri Heine.
250 _aNouv. éd.
260 _aParis,
_bCalmann Lévy,
_c1884.
300 _a2 p. l., 383, [1] p.
_c19 cm.
490 0 _aŒuvres complètes ...
_v[6]
500 _aOn cover: Bibliothèque contemporaine.
500 _a"Édition originale," Paris, E. Renduel, 1833. cf. Vicaire's Manuel.
500 _a"Lettres ... à m. Auguste Lewald ... rédigées primitivement en allemand, furent traduites en français et publiées par le poëte dans la Revue de dix-neuvième siècle."--Pref. (Signed: Henri Julia)
505 0 _aPréface de la nouvelle édition, par H. Julia.--Préface de l'édition allemande.--Lettres écrites à la Gazette universelle d'Augsbourg (1831-1832)--Fragments (1832)--Lettres confidentielles adressées à A. Lewald ... (1838)--Salon de 1831.
651 0 _aFrance
_xPolitics and government
_y1830-1848.
700 1 _aJulia, Henri,
_eed.
999 _c22611
_d22611